Hồ Chí Minh Với văn nghệ sĩ - Văn nghệ sĩ với Hồ Chí Minh, Tập 5: HCM Tư tưởng và tác phẩm (Văn xuôi) Hồ Chí Minh

में बचाया:
ग्रंथसूची विवरण
मुख्य लेखक: GS.TS. Phùng Hữu Phú
स्वरूप: पुस्तक
भाषा:Vietnamese
प्रकाशित: Hội Nhà Văn 2012
विषय:
टैग : टैग जोड़ें
कोई टैग नहीं, इस रिकॉर्ड को टैग करने वाले पहले व्यक्ति बनें!
Thư viện lưu trữ: Mạng thư viện Đại học Đà Nẵng
LEADER 01142nam a22002531a 4500
001 000033097
003 9230
005 20151016152944.0
008 151016s2012 000 vie
041 |a vie 
082 |a 895.92208  |b PH-P  |2 Hồ Chí Minh 
100 |a GS.TS. Phùng Hữu Phú 
245 |a Hồ Chí Minh Với văn nghệ sĩ - Văn nghệ sĩ với Hồ Chí Minh, Tập 5: HCM Tư tưởng và tác phẩm (Văn xuôi)  |c GS.TS. Phùng Hữu Phú  |n Hồ Chí Minh 
260 |a Hội Nhà Văn  |c 2012 
300 |a 614tr. : mh ; 25 cm 
650 |a Hồ Chí Minh, Nguyễn Ái Quốc, Anh Ba, Nguyễn Tất Thành, Nguyễn Sinh Cung, Hồ Chủ Tịch, Văn xuôi, Văn nghệ, Tư tưởng, Phùng Hữu Phú, tập 5 
OWN |a LNN 
AVA |a UDN50  |b LNN  |d 895.92208 PH-P  |e available  |t Error 5001 Not defined in file expand_doc_bib_avail.  |f 8  |g 0  |h N  |i 0  |k 1 
999 |a From the UDN01 
AVA |a UDN50  |b LNN  |d 895.92208 PH-P  |e available  |t Error 5001 Not defined in file expand_doc_bib_avail.  |f 8  |g 0  |h N  |i 0  |k 1 
TYP |a Monograph 
980 |a Mạng thư viện Đại học Đà Nẵng